[Event "NAYCC U12"]
[Site "Kingston CAN"]
[Date "2019.08.17"]
[Round "3.68"]
[White "Chen, Richard"]
[Black "Zhong, Kevin"]
[Result "0-1"]
[WhiteElo "1831"]
[BlackElo "2215"]
[PlyCount "58"]
[EventDate "2019.08.16"]
[EventType "swiss"]
[EventRounds "9"]
[EventCountry "CAN"]

1. d4 d5 2. c4 e6 3. Nc3 Nf6 4. Bg5 Be7 5. e3 h6 6. Bh4 O-O 7. Nf3 Ne4 8. Bxe7
Qxe7 9. Nxe4 dxe4 10. Nd2 f5 11. g3 Nd7 12. Be2 e5 13. d5 a5 14. Qc2 Nc5 15. b3
f4 16. O-O-O fxe3 17. fxe3 Rf2 18. Bf1 Bg4 19. Re1 Na6 20. Qb2 a4 21. a3 axb3
22. Qxb3 Nc5 23. Qc3 Rxa3 24. Qxa3 Nd3+ 25. Qxd3 exd3 26. Bxd3 Qa3+ 27. Kc2
Qa2+ 28. Kc3 Qxd2+ 29. Kb3 Qxd3+ 0-1

[Event "NAYCC U12"]
[Site "Kingston CAN"]
[Date "2019.08.17"]
[Round "3.69"]
[White "Huang, Youhe"]
[Black "Cheung, Ryan"]
[Result "0-1"]
[WhiteElo "2167"]
[BlackElo "2090"]
[PlyCount "72"]
[EventDate "2019.08.16"]
[EventType "swiss"]
[EventRounds "9"]
[EventCountry "CAN"]

1. Nf3 f5 2. c4 Nf6 3. d4 g6 4. Nc3 Bg7 5. Bf4 d6 6. e3 c6 7. h4 h6 8. Bd3 Be6
9. Qc2 O-O 10. Bh2 Nbd7 11. O-O d5 12. c5 Ng4 13. Bg3 Bf7 14. h5 e5 15. hxg6
Bxg6 16. Be2 e4 17. Nh2 h5 18. b4 Rf7 19. b5 Qf6 20. bxc6 bxc6 21. Ba6 Bh6 22.
Bb7 f4 23. Nxg4 hxg4 24. exf4 Raf8 25. Qa4 Bxf4 26. Qxc6 Bxg3 27. Qxf6 Nxf6 28.
fxg3 Rxb7 29. Rf4 Kg7 30. Raf1 Rbf7 31. c6 Nh5 32. Rxf7+ Bxf7 33. c7 Nf6 34.
Nb5 Rc8 35. Rc1 Ne8 36. a4 a6 0-1

[Event "NAYCC U12"]
[Site "Kingston CAN"]
[Date "2019.08.17"]
[Round "3.70"]
[White "Li, Thomas"]
[Black "Sloan, Jed"]
[Result "1/2-1/2"]
[WhiteElo "1923"]
[BlackElo "1942"]
[PlyCount "113"]
[EventDate "2019.08.16"]
[EventType "swiss"]
[EventRounds "9"]
[EventCountry "CAN"]

1. e4 c5 2. Nf3 e6 3. d4 cxd4 4. Nxd4 Nc6 5. Nc3 Qc7 6. g3 a6 7. Bg2 d6 8. O-O
Bd7 9. Re1 Be7 10. Nxc6 Bxc6 11. Qg4 h5 12. Qe2 Nf6 13. Bf4 e5 14. Bg5 Ng4 15.
Bxe7 Qxe7 16. Rad1 Nf6 17. Qd2 Rd8 18. Re3 b5 19. b4 Qb7 20. f3 Qb6 21. Kh1 h4
22. g4 Ke7 23. h3 Bb7 24. Rd3 Nh7 25. f4 f6 26. Ne2 g5 27. f5 Rd7 28. Nc1 Rc8
29. Nb3 Rdd8 30. Na5 Ba8 31. c3 Nf8 32. Qb2 Rc7 33. R1d2 Bc6 34. Qb3 Be8 35.
Qd1 Bf7 36. Rc2 Bc4 37. Nxc4 Rxc4 38. Rcd2 Rc6 39. Qb3 Rc4 40. Qd1 Qc7 41. Qb3
Nd7 42. Rxd6 Qxd6 43. Rxd6 Kxd6 44. Bf1 Rxe4 45. Qe6+ Kc7 46. Bg2 Rc4 47. Qxa6
Rb8 48. Qa7+ Kd8 49. Qa5+ Ke7 50. Bf1 Rxc3 51. Bxb5 Rxh3+ 52. Kg2 Rg3+ 53. Kf2
e4 54. Bxd7 e3+ 55. Ke2 Kxd7 56. Qa7+ Kc8 57. Qc5+ 1/2-1/2

[Event "NAYCC U12"]
[Site "Kingston CAN"]
[Date "2019.08.17"]
[Round "3.72"]
[White "Latorre, Vincent"]
[Black "Tay, Brian"]
[Result "1-0"]
[WhiteElo "1859"]
[BlackElo "1923"]
[PlyCount "95"]
[EventDate "2019.08.16"]
[EventType "swiss"]
[EventRounds "9"]
[EventCountry "CAN"]

1. e4 c5 2. Nf3 d6 3. d4 cxd4 4. Nxd4 Nf6 5. Nc3 a6 6. Be3 e5 7. Nb3 Be6 8. a4
Be7 9. Be2 Nbd7 10. a5 Rc8 11. O-O Rxc3 12. bxc3 Nxe4 13. Bf3 f5 14. Bxe4 fxe4
15. f3 O-O 16. fxe4 Nf6 17. Qd3 Qc7 18. Nd2 Rc8 19. Rab1 Qxa5 20. Rxb7 Rxc3 21.
Bb6 Qa3 22. Qe2 Bf8 23. Nb1 Qb4 24. Nxc3 Qxc3 25. Rc7 Qb4 26. Bf2 Nxe4 27. Be3
Nf6 28. Kh1 Qe4 29. Qf3 Qxf3 30. Rxf3 Nd5 31. Ra7 Nxe3 32. Rxe3 Bc4 33. Rf3 e4
34. Re3 d5 35. Rc7 Bb5 36. g3 Bd6 37. Rb7 d4 38. Rxb5 dxe3 39. Rb1 Kf7 40. Kg1
Ke6 41. Kf1 Kd5 42. Ra1 Kd4 43. Rxa6 Bb4 44. Ke2 Bd2 45. Ra7 Kc3 46. Rxg7 Kxc2
47. Rxh7 Kc1 48. h4 1-0

[Event "NAYCC U12"]
[Site "Kingston CAN"]
[Date "2019.08.17"]
[Round "3.73"]
[White "Xu, Arthur"]
[Black "Iyer, Vedanth"]
[Result "1-0"]
[WhiteElo "2176"]
[BlackElo "1525"]
[PlyCount "103"]
[EventDate "2019.08.16"]
[EventType "swiss"]
[EventRounds "9"]
[EventCountry "CAN"]

1. e4 e5 2. Nf3 Nc6 3. Bb5 Nf6 4. O-O Nxe4 5. d4 Nd6 6. Bxc6 dxc6 7. dxe5 Nf5
8. Qxd8+ Kxd8 9. Nc3 Be7 10. Ne4 h6 11. h3 Nh4 12. Nd4 Ng6 13. f4 c5 14. Nf3
Bf5 15. Ng3 Bxc2 16. f5 Nf8 17. b3 c4 18. bxc4 Bc5+ 19. Kh1 Kc8 20. Ne1 Ba4 21.
Bb2 Nh7 22. Nd3 Bb6 23. e6 fxe6 24. fxe6 Re8 25. Rae1 Nf8 26. e7 Ng6 27. Nf5
Kd7 28. Bxg7 Nxe7 29. Ne5+ Kc8 30. Nxe7+ Rxe7 31. Bxh6 Re8 32. Rf8 Rxf8 33.
Bxf8 c6 34. Nf7 Kc7 35. Re7+ Kc8 36. Re8+ Kd7 37. Rxa8 c5 38. Rb8 Bc6 39. Ne5+
Kc7 40. Nxc6 Kxc6 41. Rc8+ Kd7 42. Rxc5 Bxc5 43. Bxc5 Kc6 44. Bxa7 b6 45. h4
Kc5 46. a4 Kxc4 47. Bxb6 Kb4 48. a5 Kb5 49. h5 Kc6 50. h6 Kb5 51. h7 Kc6 52.
h8=Q 1-0

[Event "NAYCC U12"]
[Site "Kingston CAN"]
[Date "2019.08.17"]
[Round "3.74"]
[White "Sharma, Vishruth"]
[Black "Tu, Lawrence"]
[Result "0-1"]
[WhiteElo "1794"]
[BlackElo "1919"]
[PlyCount "76"]
[EventDate "2019.08.16"]
[EventType "swiss"]
[EventRounds "9"]
[EventCountry "CAN"]

1. e4 c5 2. Nf3 d6 3. d4 cxd4 4. Nxd4 Nf6 5. Nc3 a6 6. f3 e5 7. Nb3 Be6 8. Be3
Be7 9. Qd2 Nbd7 10. O-O-O b5 11. g4 Qc7 12. g5 Nh5 13. Rg1 Rc8 14. h4 b4 15.
Ne2 a5 16. Kb1 a4 17. Nbc1 Nb6 18. Ng3 Nxg3 19. Rxg3 Nc4 20. Bxc4 Qxc4 21. Qd3
Qc6 22. b3 axb3 23. cxb3 Qb7 24. Ne2 Rc6 25. Rgg1 g6 26. Kb2 Qa8 27. f4 f5 28.
fxe5 dxe5 29. Qb5 O-O 30. Qxe5 Qa3+ 31. Kb1 Bxb3 32. Rd2 Bc2+ 33. Rxc2 Rxc2 34.
Qd5+ Rf7 35. Kxc2 Qxe3 36. Kd1 fxe4 37. Rf1 Qd3+ 38. Qxd3 Rxf1+ 0-1

[Event "NAYCC U12"]
[Site "Kingston CAN"]
[Date "2019.08.17"]
[Round "3.75"]
[White "Srinivas, Atharva"]
[Black "Zhang, Chu Hang"]
[Result "1-0"]
[WhiteElo "1695"]
[BlackElo "2101"]
[PlyCount "89"]
[EventDate "2019.08.16"]
[EventType "swiss"]
[EventRounds "9"]
[EventCountry "CAN"]

1. e4 e5 2. Nf3 Nc6 3. Bb5 a6 4. Ba4 Nf6 5. O-O b5 6. Bb3 Be7 7. Re1 d6 8. c3
O-O 9. h3 Na5 10. Bc2 c5 11. d4 Qc7 12. Nbd2 Re8 13. d5 Bf8 14. Nf1 h6 15. Ng3
g6 16. b3 Nb7 17. Be3 Bg7 18. Qe2 Bd7 19. Qd2 Kh7 20. b4 Rf8 21. Rec1 Nxe4 22.
Bxe4 f5 23. bxc5 fxe4 24. Nxe4 Nxc5 25. Bxc5 dxc5 26. c4 Bf5 27. Qe3 Bxe4 28.
Qxe4 Rf4 29. d6 Rxe4 30. dxc7 b4 31. Rd1 Rc8 32. Rd7 Rxc4 33. Rad1 Rf4 34. Re7
e4 35. Rdd7 exf3 36. Rxg7+ Kh8 37. Rh7+ Kg8 38. Rd8+ Kxh7 39. Rxc8 Rf7 40. Rh8+
Kxh8 41. c8=Q+ Kg7 42. Qxc5 fxg2 43. Qxb4 h5 44. Kxg2 Kh6 45. Qb6 1-0

[Event "NAYCC U12"]
[Site "Kingston CAN"]
[Date "2019.08.17"]
[Round "3.76"]
[White "Lancman, Kaleb"]
[Black "He, Matthew"]
[Result "0-1"]
[WhiteElo "1501"]
[BlackElo "1810"]
[PlyCount "68"]
[EventDate "2019.08.16"]
[EventType "swiss"]
[EventRounds "9"]
[EventCountry "CAN"]

1. d4 d5 2. Bf4 Nf6 3. e3 e6 4. Nf3 c5 5. c3 Nc6 6. Nbd2 Bd6 7. Bg3 Qe7 8. Ne5
O-O 9. Bd3 Ne8 10. f4 f5 11. O-O Bd7 12. Ndf3 Nf6 13. Bh4 Be8 14. Qe1 Qd8 15.
Nxc6 bxc6 16. Ne5 c4 17. Bc2 Rb8 18. Rb1 Qa5 19. a3 c5 20. Rf3 Ba4 21. Qd1 Bxc2
22. Qxc2 Bxe5 23. fxe5 Ne4 24. Rff1 Rb3 25. Ra1 Rfb8 26. Ra2 Qb5 27. dxc5 g5
28. Be1 Nxc5 29. Bd2 Nd3 30. e4 dxe4 31. Bxg5 Rxb2 32. Rxb2 Qxb2 33. Qd1 Qb6+
34. Kh1 Nf2+ 0-1

[Event "NAYCC U12"]
[Site "Kingston CAN"]
[Date "2019.08.17"]
[Round "3.77"]
[White "Hu, Raymond"]
[Black "Liu, Kevin"]
[Result "1-0"]
[WhiteElo "1527"]
[BlackElo "1796"]
[PlyCount "89"]
[EventDate "2019.08.16"]
[EventType "swiss"]
[EventRounds "9"]
[EventCountry "CAN"]

1. e4 c5 2. Nf3 Nc6 3. d4 cxd4 4. Nxd4 g6 5. Nc3 Bg7 6. Be3 Nf6 7. h3 d5 8. Bb5
Qd7 9. exd5 Nxd5 10. Nxd5 e6 11. Nc3 O-O 12. Nxc6 bxc6 13. Qxd7 Bxd7 14. Ba4 e5
15. O-O-O Be6 16. Bxc6 Rac8 17. Bd5 Bf5 18. g4 Bd7 19. Bxa7 Bc6 20. Bxc6 Rxc6
21. Be3 Rfc8 22. Rd2 Kf8 23. Rhd1 Re8 24. Rd6 Rc4 25. Bg5 f6 26. Bxf6 Bxf6 27.
Rxf6+ Ke7 28. Rdd6 Rc5 29. Nd5+ Rxd5 30. Rxd5 Kxf6 31. a4 Ke6 32. Rd3 Rf8 33.
f3 Rf4 34. a5 h5 35. a6 Rf8 36. b4 Rb8 37. a7 Ra8 38. Ra3 Kd6 39. Kd2 Kc6 40.
Ke3 Kd5 41. b5 hxg4 42. hxg4 g5 43. b6 Kc6 44. Ke4 Kxb6 45. Kxe5 1-0

[Event "NAYCC U12"]
[Site "Kingston CAN"]
[Date "2019.08.17"]
[Round "3.79"]
[White "Su, Kevin"]
[Black "Galvez Villalva, Brian Emiliano"]
[Result "1-0"]
[WhiteElo "1882"]
[BlackElo "1455"]
[PlyCount "109"]
[EventDate "2019.08.16"]
[EventType "swiss"]
[EventRounds "9"]
[EventCountry "CAN"]

1. e4 c6 2. d4 d5 3. e5 Bf5 4. Nf3 e6 5. Be2 Nd7 6. O-O h6 7. Nbd2 Qc7 8. Nb3
c5 9. c3 a6 10. Be3 c4 11. Nbd2 Ne7 12. Nh4 Bh7 13. f4 Ng6 14. Nxg6 Bxg6 15. g4
f6 16. f5 Bf7 17. Qc2 Be7 18. fxe6 Bxe6 19. Qg6+ Kf8 20. h4 Bf7 21. Qf5 g6 22.
Qf4 Qc6 23. Rac1 Qe6 24. b3 b5 25. bxc4 bxc4 26. Rb1 fxe5 27. dxe5 Kg7 28. Rb7
Raf8 29. Nf3 Qc6 30. Ra7 Be6 31. Qg3 Rf7 32. Nd4 Qb6 33. Nf5+ Bxf5 34. Bxb6 Be6
35. Rxf7+ Kxf7 36. Qf4+ Kg7 37. Rxd7 Bxd7 38. e6 Rf8 39. Qxf8+ Kxf8 40. exd7
Bxh4 41. d8=Q+ Bxd8 42. Bxd8 Ke8 43. Bf6 Kf7 44. Bd4 Ke6 45. Bg7 Kf7 46. Bxh6
Kf6 47. Bf4 g5 48. Bb8 Ke7 49. Bf3 Ke6 50. Kf2 a5 51. a4 d4 52. cxd4 c3 53. Ke3
c2 54. Kd2 c1=Q+ 55. Kxc1 1-0

[Event "NAYCC U12"]
[Site "Kingston CAN"]
[Date "2019.08.17"]
[Round "3.80"]
[White "Liu, Aaron"]
[Black "Adam, Rafael"]
[Result "1-0"]
[WhiteElo "1565"]
[BlackElo "1674"]
[PlyCount "47"]
[EventDate "2019.08.16"]
[EventType "swiss"]
[EventRounds "9"]
[EventCountry "CAN"]

1. e4 c6 2. d4 d5 3. Nc3 dxe4 4. Nxe4 Bf5 5. Ng3 Bg6 6. N1e2 h6 7. Nf4 Bh7 8.
Bc4 Nf6 9. c3 Qd7 10. O-O Nd5 11. Re1 e6 12. Qh5 Nxf4 13. Bxf4 Kd8 14. Rad1 Bg6
15. Qg4 h5 16. Qf3 Kc8 17. d5 cxd5 18. b4 h4 19. Bxd5 exd5 20. Rxd5 f6 21. Rxd7
Nxd7 22. Qe2 Bf7 23. Qe8+ Bxe8 24. Rxe8# 1-0

[Event "NAYCC U12"]
[Site "Kingston CAN"]
[Date "2019.08.17"]
[Round "3.81"]
[White "Zhang, Henry X"]
[Black "Chan, Jaden"]
[Result "1-0"]
[WhiteElo "1624"]
[BlackElo "1578"]
[PlyCount "145"]
[EventDate "2019.08.16"]
[EventType "swiss"]
[EventRounds "9"]
[EventCountry "CAN"]

1. e4 e5 2. Nf3 Nc6 3. Bb5 a6 4. Ba4 Nf6 5. O-O b5 6. Bb3 Bc5 7. Nxe5 Nxe5 8.
d4 Bxd4 9. Qxd4 Nc6 10. Qd1 O-O 11. Re1 Re8 12. Nd2 Bb7 13. c3 Ne5 14. Bc2 d5
15. f4 Ng6 16. e5 Ne4 17. Nxe4 dxe4 18. Qxd8 Raxd8 19. Bxe4 Bxe4 20. Rxe4 f6
21. Rd4 fxe5 22. fxe5 Nxe5 23. Rxd8 Rxd8 24. Bf4 Nc4 25. b3 Nd6 26. Rd1 Kf7 27.
c4 bxc4 28. bxc4 Ke8 29. c5 Nb5 30. Rxd8+ Kxd8 31. Be5 g6 32. Kf2 Kd7 33. Ke3
c6 34. a4 Na7 35. Ke4 Nc8 36. Bf6 Ke6 37. Bg5 Na7 38. g4 Nc8 39. h4 Na7 40. h5
gxh5 41. gxh5 Nc8 42. Bh4 Na7 43. Kd4 Kf5 44. Kc4 Ke6 45. Kb4 Nc8 46. Bd8 Kd7
47. Bb6 Nxb6 48. cxb6 Kc8 49. a5 h6 50. Kc5 Kd7 51. b7 Kc7 52. b8=Q+ Kxb8 53.
Kxc6 Ka7 54. Kc7 Ka8 55. Kb6 Kb8 56. Kxa6 Ka8 57. Kb6 Kb8 58. Kc6 Ka7 59. Kd6
Ka6 60. Ke6 Kxa5 61. Kf6 Kb6 62. Kg6 Kc6 63. Kxh6 Kd7 64. Kg7 Ke7 65. h6 Ke6
66. h7 Kf5 67. h8=Q Kg5 68. Qf8 Kg4 69. Qf2 Kg5 70. Qf3 Kh4 71. Qg2 Kh5 72. Kf6
Kh6 73. Qh3# 1-0

[Event "NAYCC U12"]
[Site "Kingston CAN"]
[Date "2019.08.17"]
[Round "3.82"]
[White "Bocan, Richard"]
[Black "Zhu, Ricky"]
[Result "1-0"]
[WhiteElo "1601"]
[BlackElo "1472"]
[PlyCount "129"]
[EventDate "2019.08.16"]
[EventType "swiss"]
[EventRounds "9"]
[EventCountry "CAN"]

1. d4 Nf6 2. c4 g6 3. Nc3 d5 4. Bg5 c6 5. Bxf6 exf6 6. cxd5 cxd5 7. e3 Bg7 8.
Bd3 O-O 9. Nf3 Nc6 10. a3 f5 11. Qb3 Be6 12. g3 Na5 13. Qc2 f4 14. gxf4 Bh3 15.
Ng5 Bg4 16. Rg1 Bh5 17. Be2 Bxe2 18. Qxe2 h6 19. Nf3 Re8 20. Qb5 a6 21. Qxd5
Qxd5 22. Nxd5 Rad8 23. Nc3 Nb3 24. Rd1 Nxd4 25. Nxd4 Rxd4 26. Rxd4 Bxd4 27. Kd2
Bg7 28. Kc2 Rc8 29. Rd1 Bxc3 30. bxc3 Rc7 31. Rd6 Kf8 32. f5 Kg7 33. fxg6 fxg6
34. Kd3 g5 35. e4 Rf7 36. Ke3 Rc7 37. Rd3 Kf6 38. Rd6+ Ke5 39. Rd5+ Ke6 40. Kd4
Rf7 41. Rf5 Rd7+ 42. Rd5 Rf7 43. Re5+ Kd6 44. Rf5 Rh7 45. Rf6+ Kc7 46. Ke5 Re7+
47. Kf5 h5 48. e5 g4 49. e6 Kd6 50. Rf7 Rxe6 51. Rf6 Rxf6+ 52. Kxf6 Kc5 53. Kg5
Kc4 54. Kxh5 Kxc3 55. Kxg4 Kb3 56. f4 Kxa3 57. f5 b5 58. f6 b4 59. f7 b3 60.
f8=Q+ Ka2 61. Qf7 Ka3 62. Qf1 b2 63. Qxa6+ Kb3 64. Qb6+ Kc2 65. Qxb2+ 1-0

[Event "NAYCC U12"]
[Site "Kingston CAN"]
[Date "2019.08.17"]
[Round "3.83"]
[White "Harish, Neeraj"]
[Black "He, Samuel"]
[Result "0-1"]
[WhiteElo "1852"]
[BlackElo "1568"]
[PlyCount "90"]
[EventDate "2019.08.16"]
[EventType "swiss"]
[EventRounds "9"]
[EventCountry "CAN"]

1. e4 e5 2. Nf3 Nc6 3. Nc3 Nf6 4. Bb5 d6 5. d4 exd4 6. Nxd4 Bd7 7. O-O Be7 8.
Nf5 Bxf5 9. exf5 O-O 10. f4 d5 11. h3 Bc5+ 12. Kh1 Ne7 13. g4 Ne4 14. Nxe4 dxe4
15. Qe2 e3 16. Rd1 Nd5 17. f6 c6 18. Bc4 Qxf6 19. Bxd5 cxd5 20. Rxd5 Qc6 21.
Qg2 e2 22. Re5 Qxg2+ 23. Kxg2 Rfe8 24. Rxe8+ Rxe8 25. Bd2 Rd8 26. Re1 Rxd2 27.
Kf3 Rxc2 28. Rxe2 Rxe2 29. Kxe2 Kf8 30. Kd3 Bb6 31. Ke4 Ke7 32. Kd5 Be3 33. f5
Bc1 34. b3 Ba3 35. h4 f6 36. h5 h6 37. Ke4 Kd6 38. Kd4 b5 39. Ke4 Kc5 40. Kd3
Kd5 41. Ke3 Ke5 42. Kf3 Kd4 43. Kg3 Kc3 44. Kf3 Kb2 45. Ke3 Kxa2 0-1

[Event "NAYCC U12"]
[Site "Kingston CAN"]
[Date "2019.08.17"]
[Round "3.84"]
[White "Liu, Joshua"]
[Black "Wang, Derek"]
[Result "1-0"]
[WhiteElo "1562"]
[BlackElo "1579"]
[PlyCount "77"]
[EventDate "2019.08.16"]
[EventType "swiss"]
[EventRounds "9"]
[EventCountry "CAN"]

1. d4 Nf6 2. Nf3 d5 3. Bf4 Bf5 4. e3 e6 5. c3 c5 6. Bxb8 Qxb8 7. Bb5+ Kd8 8.
Ne5 Bg6 9. Nd2 Bd6 10. f4 a6 11. Ba4 b5 12. Nc6+ Kd7 13. Nxb8+ Rhxb8 14. Bc2
Bh5 15. Nf3 Ng4 16. Qe2 cxd4 17. exd4 Bxf4 18. g3 Bh6 19. Ne5+ Kc7 20. Nxg4 f5
21. Qe5+ Kd7 22. Nxh6 gxh6 23. Kd2 Bg6 24. Rae1 Re8 25. Qg7+ Re7 26. Qxh6 Rc8
27. h4 Rc4 28. h5 Be8 29. Re5 Kd6 30. Bxf5 Bd7 31. Rhe1 b4 32. Bxe6 bxc3+ 33.
bxc3 Bxe6 34. Rxe6+ Rxe6 35. Rxe6+ Kd7 36. Rxa6 Kc8 37. Ra7 Kb8 38. Qg7 Rxd4+
39. cxd4 1-0

[Event "NAYCC U12"]
[Site "Kingston CAN"]
[Date "2019.08.17"]
[Round "3.85"]
[White "Zhou, Johnson"]
[Black "Fini, Thomas"]
[Result "1-0"]
[WhiteElo "1409"]
[BlackElo "1859"]
[PlyCount "75"]
[EventDate "2019.08.16"]
[EventType "swiss"]
[EventRounds "9"]
[EventCountry "CAN"]

1. e4 c5 2. c3 Nf6 3. e5 Nd5 4. d4 cxd4 5. cxd4 e6 6. f4 d6 7. Nc3 Nxc3 8. bxc3
Nc6 9. Nf3 Be7 10. Bd3 O-O 11. O-O Qc7 12. Bd2 Bd7 13. Ng5 Bxg5 14. fxg5 g6 15.
exd6 Qxd6 16. h4 e5 17. Qb3 Be6 18. Qxb7 exd4 19. Bf4 Qc5 20. cxd4 Qxd4+ 21.
Kh1 Bd5 22. Rad1 Nb4 23. Qb5 a6 24. Qa4 Bc6 25. Qb3 Nxd3 26. Rxd3 Qe4 27. Rdf3
Qe2 28. R3f2 Qg4 29. Bd6 Qxh4+ 30. Kg1 Qd4 31. Bxf8 Rxf8 32. Rd1 Qg4 33. Rd8
Bd5 34. Qxd5 Rxd8 35. Qxf7+ Kh8 36. Qf6+ Kg8 37. Qxd8+ Kg7 38. Qe7+ 1-0

[Event "NAYCC U12"]
[Site "Kingston CAN"]
[Date "2019.08.17"]
[Round "3.86"]
[White "Navala, Anthony"]
[Black "Li, Eric"]
[Result "1/2-1/2"]
[WhiteElo "1348"]
[BlackElo "1337"]
[PlyCount "61"]
[EventDate "2019.08.16"]
[EventType "swiss"]
[EventRounds "9"]
[EventCountry "CAN"]

1. d4 d5 2. c4 e6 3. Nc3 c5 4. e3 Nf6 5. Nf3 Nc6 6. b3 cxd4 7. Nxd4 Bb4 8. Bd2
O-O 9. Be2 Nxd4 10. exd4 dxc4 11. Bxc4 Qxd4 12. Rc1 Rd8 13. Rc2 b6 14. Qf3 Rb8
15. O-O Bb7 16. Qe3 Qxe3 17. Bxe3 Rbc8 18. a4 Nd5 19. Bxd5 exd5 20. Bd4 Bxc3
21. Rxc3 Rxc3 22. Bxc3 d4 23. Rd1 d3 24. f3 Bc8 25. a5 b5 26. b4 a6 27. Kf2 Bf5
28. g4 Bg6 29. Bd2 f6 30. Rc1 Re8 31. Be3 1/2-1/2

[Event "NAYCC U12"]
[Site "Kingston CAN"]
[Date "2019.08.17"]
[Round "3.87"]
[White "Xie, Austin"]
[Black "Yuan, Edison"]
[Result "1-0"]
[WhiteElo "1872"]
[BlackElo "1745"]
[PlyCount "81"]
[EventDate "2019.08.16"]
[EventType "swiss"]
[EventRounds "9"]
[EventCountry "CAN"]

1. e4 c5 2. Nc3 Nc6 3. f4 g6 4. Nf3 Bg7 5. Bc4 e6 6. O-O Nge7 7. d3 O-O 8. a4
b6 9. Ne2 Bb7 10. g4 d5 11. exd5 Nxd5 12. Ng3 Qd7 13. c3 a6 14. f5 exf5 15.
gxf5 Nce7 16. Ng5 h6 17. N5e4 gxf5 18. Nxf5 Nxf5 19. Qg4 Kh7 20. Rxf5 Nf6 21.
Qf4 Bxe4 22. dxe4 Rg8 23. Kf2 Ng4+ 24. Ke2 Nf6 25. Rxf6 Qh3 26. Qf5+ Qxf5 27.
Rxf5 Rge8 28. Kf3 Re7 29. Bf4 Rae8 30. Rxf7 Rxf7 31. Bxf7 Rf8 32. Be6 Be5 33.
Bf5+ Rxf5 34. exf5 Bxf4 35. Kxf4 Kg7 36. Ke5 Kf7 37. Rd1 Ke7 38. f6+ Kf7 39.
Rd7+ Ke8 40. Ke6 Kf8 41. Rd8# 1-0

[Event "NAYCC U12"]
[Site "Kingston CAN"]
[Date "2019.08.17"]
[Round "3.88"]
[White "Yan, Alex Jikai"]
[Black "Qiu, James"]
[Result "1-0"]
[WhiteElo "1801"]
[BlackElo "1551"]
[PlyCount "93"]
[EventDate "2019.08.16"]
[EventType "swiss"]
[EventRounds "9"]
[EventCountry "CAN"]

1. e4 e5 2. Nf3 Nc6 3. Bc4 Bc5 4. c3 Nf6 5. d3 d6 6. O-O Be6 7. Bb3 Ne7 8. Be3
Bb6 9. Nbd2 Qd7 10. Nc4 Ng4 11. Bd2 f5 12. Ng5 Bg8 13. Nxb6 axb6 14. f3 Nf6 15.
c4 h6 16. Nh3 f4 17. Nf2 g5 18. h3 Be6 19. Ng4 Nh5 20. Be1 Kf7 21. d4 exd4 22.
Qxd4 Nc6 23. Qd2 Ke7 24. e5 Nxe5 25. Nxe5 dxe5 26. Qxd7+ Bxd7 27. Bc3 Kf6 28.
Rfe1 Rhe8 29. Bc2 Bc6 30. a4 Re6 31. b4 Rae8 32. b5 Bd7 33. Be4 c6 34. Rad1
R6e7 35. Rd6+ Be6 36. bxc6 bxc6 37. Bxc6 Kf7 38. Bxe8+ Rxe8 39. Rxe5 Ng3 40.
Rxb6 Re7 41. Bb4 Re8 42. a5 Kf6 43. Rexe6+ Rxe6 44. Rxe6+ Kxe6 45. a6 Ne2+ 46.
Kf2 Nd4 47. a7 1-0

[Event "NAYCC U12"]
[Site "Kingston CAN"]
[Date "2019.08.17"]
[Round "3.90"]
[White "Chen, Andrew"]
[Black "Cheng, Adrien"]
[Result "1-0"]
[WhiteElo "1444"]
[BlackElo "1426"]
[PlyCount "55"]
[EventDate "2019.08.16"]
[EventType "swiss"]
[EventRounds "9"]
[EventCountry "CAN"]

1. c4 e5 2. Nc3 Nf6 3. g3 Nc6 4. Bg2 Bc5 5. e3 d6 6. Nge2 a6 7. a3 Bf5 8. b4
Bb6 9. Bb2 O-O 10. e4 Be6 11. Nd5 Re8 12. O-O Bg4 13. h3 Bh5 14. Nxb6 cxb6 15.
g4 Bg6 16. f3 b5 17. cxb5 axb5 18. d4 d5 19. dxe5 Nd7 20. exd5 Na7 21. Qd4 f6
22. e6 Nb6 23. f4 Re7 24. f5 Bf7 25. exf7+ Kxf7 26. Nf4 Rc8 27. d6 Rd7 28. Bd5+
1-0

[Event "NAYCC U12"]
[Site "Kingston CAN"]
[Date "2019.08.17"]
[Round "3.91"]
[White "Pride, Avian"]
[Black "Xu, Xinge"]
[Result "0-1"]
[WhiteElo "1116"]
[BlackElo "1266"]
[PlyCount "124"]
[EventDate "2019.08.16"]
[EventType "swiss"]
[EventRounds "9"]
[EventCountry "CAN"]

1. d4 d5 2. Nc3 Nf6 3. e3 e6 4. Nf3 c5 5. Be2 Nc6 6. O-O Be7 7. Bd2 b6 8. Bb5
Bd7 9. Ne2 O-O 10. c3 a6 11. Bxc6 Bxc6 12. Qc2 Ne4 13. c4 dxc4 14. Qxc4 Bb5 15.
Qc2 Bxe2 16. Rfe1 Nxd2 17. Rxe2 Nxf3+ 18. gxf3 Qd5 19. dxc5 Qxc5 20. Qd3 Rfd8
21. Qc3 Qxc3 22. bxc3 Rac8 23. Rb1 b5 24. Rc2 Rd3 25. Rb3 b4 26. cxb4 Rd1+ 27.
Kg2 Rxc2 28. b5 axb5 29. Rxb5 Rxa2 30. Kg3 Rg1+ 31. Kf4 Ra4+ 32. e4 g5+ 33. Ke3
Rb4 34. Re5 Rh1 35. f4 gxf4+ 36. Kxf4 Rxh2 37. Ke3 Rh4 38. f3 Bg5+ 39. Rxg5+
Kf8 40. Kf2 Rb3 41. Kg3 Rxe4 42. Kf2 Rf4 43. Rg3 e5 44. Kg2 e4 45. fxe4 Rxg3+
46. Kxg3 Rxe4 47. Kf3 Re6 48. Kf4 Rg6 49. Kf5 h6 50. Kf4 h5 51. Kf5 h4 52. Kf4
h3 53. Kf5 h2 54. Kf4 h1=Q 55. Kf5 Qf3+ 56. Ke5 Re6+ 57. Kd4 Qd1+ 58. Kc5 Re8
59. Kc4 Rc8+ 60. Kb5 Qb3+ 61. Ka5 Rc4 62. Ka6 Ra4# 0-1

[Event "NAYCC U12"]
[Site "Kingston CAN"]
[Date "2019.08.17"]
[Round "3.92"]
[White "Cui, Guang Zhu"]
[Black "Kriemadis, Noah"]
[Result "1/2-1/2"]
[WhiteElo "735"]
[BlackElo "1114"]
[PlyCount "43"]
[EventDate "2019.08.16"]
[EventType "swiss"]
[EventRounds "9"]
[EventCountry "CAN"]

1. d4 Nf6 2. c4 g6 3. Bg5 e6 4. a3 Bg7 5. Nc3 O-O 6. Qd2 d5 7. Nf3 Nbd7 8. cxd5
exd5 9. Nxd5 c6 10. Nxf6+ Nxf6 11. h4 Qd6 12. Bxf6 Qxf6 13. h5 Bg4 14. hxg6
fxg6 15. Rd1 Rae8 16. e3 Bxf3 17. gxf3 Qxf3 18. Rh3 Qf7 19. Rc1 Qf5 20. Rc5 Qf6
21. Rc4 b5 22. Rc3 1/2-1/2

[Event "NAYCC U12"]
[Site "Kingston CAN"]
[Date "2019.08.17"]
[Round "3.97"]
[White "Lim, Nicolas"]
[Black "Milardovic, Ivan"]
[Result "1-0"]
[WhiteElo "1222"]
[BlackElo "707"]
[PlyCount "59"]
[EventDate "2019.08.16"]
[EventType "swiss"]
[EventRounds "9"]
[EventCountry "CAN"]

1. c4 e5 2. g3 Nf6 3. Bg2 Bc5 4. Nc3 Ng4 5. e3 O-O 6. Qxg4 d6 7. Qd1 Nc6 8.
Nge2 Qf6 9. O-O Qh6 10. d4 exd4 11. exd4 Bb6 12. Bxh6 Bg4 13. Be3 Ba5 14. Qa4
Rae8 15. Bxc6 bxc6 16. Qxa5 Be6 17. d5 cxd5 18. cxd5 Bd7 19. Qxc7 Bf5 20. Qxd6
Rd8 21. Qf4 Bh3 22. Qh4 Bxf1 23. Rxf1 Rb8 24. Qg4 Rxb2 25. Bh6 g6 26. Qd4 f6
27. Bxf8 Kxf8 28. Qxf6+ Ke8 29. d6 Rb6 30. Qe7# 1-0

[Event "NAYCC U12"]
[Site "Kingston CAN"]
[Date "2019.08.17"]
[Round "4.60"]
[White "Ning, Eric"]
[Black "Liu, Henry"]
[Result "1-0"]
[WhiteElo "2135"]
[BlackElo "1952"]
[PlyCount "71"]
[EventDate "2019.08.16"]
[EventType "swiss"]
[EventRounds "9"]
[EventCountry "CAN"]

1. d4 Nf6 2. c4 e6 3. Nc3 Bb4 4. g3 c5 5. a3 Bxc3+ 6. bxc3 O-O 7. Bg2 Nc6 8.
Nf3 h6 9. O-O Ne4 10. Qd3 d5 11. cxd5 exd5 12. Nd2 c4 13. Nxc4 Nxc3 14. Qxc3
dxc4 15. d5 Na5 16. Bb2 f6 17. e4 Re8 18. Rfe1 Qc7 19. Rad1 Bg4 20. Rd4 h5 21.
h3 Bd7 22. d6 Qb6 23. Rd5 Nc6 24. Qd2 Rac8 25. Rxh5 Ne5 26. Bxe5 fxe5 27. Qd5+
Be6 28. Qxe5 Bf7 29. d7 Rxe5 30. dxc8=Q+ Re8 31. Qg4 Bxh5 32. Qxh5 Rf8 33. Qd5+
Kh8 34. Qd2 Qc5 35. Re3 Qxa3 36. Rxa3 1-0

[Event "NAYCC U12"]
[Site "Kingston CAN"]
[Date "2019.08.17"]
[Round "4.61"]
[White "Weng, Nicholas"]
[Black "Levine, Jack"]
[Result "0-1"]
[WhiteElo "1789"]
[BlackElo "2198"]
[PlyCount "76"]
[EventDate "2019.08.16"]
[EventType "swiss"]
[EventRounds "9"]
[EventCountry "CAN"]

1. e4 c5 2. Nf3 e6 3. d4 cxd4 4. Nxd4 Nc6 5. Nc3 Qc7 6. Be2 Nf6 7. O-O a6 8. a4
Bb4 9. Qd3 O-O 10. Be3 Ne5 11. Qd1 Bxc3 12. bxc3 Nxe4 13. f4 Nxc3 14. Qe1 Nxe2+
15. Qxe2 Nc4 16. Bc1 Qc5 17. c3 d6 18. Kh1 e5 19. fxe5 dxe5 20. Nb3 Qc6 21. Bg5
f6 22. Bh4 Be6 23. Bf2 Rad8 24. a5 Bd5 25. Rg1 Nd6 26. Nc5 Ne4 27. Nxe4 Bxe4
28. Be3 Rd3 29. Bd2 Rfd8 30. Be1 f5 31. Qf2 R8d6 32. Rb1 Rh3 33. Rb6 Rdh6 34.
Qg3 Qc5 35. Bf2 Qxf2 36. Qxe5 Rxh2+ 37. Qxh2 Rxh2+ 38. Kxh2 Qh4# 0-1